مكتبة جامعة عجلون الوطنية

فهرس بحث المكتبة

Applying Gaap 1994/1995: A Practical Guide to Financial Reporting (Record no. 1774)

MARC details
000 -LEADER
fixed length control field 00736nam a2200229Ii 4500
003 - CONTROL NUMBER IDENTIFIER
control field JO-AjNU
008 - FIXED-LENGTH DATA ELEMENTS--GENERAL INFORMATION
fixed length control field 230606s9999||||xx |||||||||||||| ||und||
020 ## - INTERNATIONAL STANDARD BOOK NUMBER
International Standard Book Number 1-85355-491-x
040 ## - CATALOGING SOURCE
Original cataloging agency JO-AjNU
Language of cataloging eng
Description conventions rda
Transcribing agency JO-AjNU
041 ## - LANGUAGE CODE
Language code of text/sound track or separate title eng
050 14 - LIBRARY OF CONGRESS CALL NUMBER
Classification number HF5681 1995
100 3# - MAIN ENTRY--PERSONAL NAME
Personal name Chopping,David ؛ consultant: Len Skerratt,
Relator term author
9 (RLIN) 3397
245 00 - TITLE STATEMENT
Title Applying Gaap 1994/1995: A Practical Guide to Financial Reporting
250 ## - EDITION STATEMENT
Edition statement 3 ed
264 31 - PRODUCTION, PUBLICATION, DISTRIBUTION, MANUFACTURE, AND COPYRIGHT NOTICE
Place of production, publication, distribution, manufacture England: Institute of Chartered Accountants,1995
300 ## - PHYSICAL DESCRIPTION
Extent 614p
Other physical details Includes indexes(p603-614)
336 ## - CONTENT TYPE
Content type term text
Content type code txt
Source rdacontent
337 ## - MEDIA TYPE
Media type term unmediated
Media type code n
Source rdamedia
338 ## - CARRIER TYPE
Carrier type term volume
Carrier type code nc
Source rdacarrier
490 0# - SERIES STATEMENT
Series statement Accountancy books
650 #4 - SUBJECT ADDED ENTRY--TOPICAL TERM
Topical term or geographic name entry element Applying Gaap
9 (RLIN) 3398
Holdings
Withdrawn status Lost status Source of classification or shelving scheme Damaged status Not for loan Home library Current library Shelving location Date acquired Total Checkouts Full call number Barcode Date last seen Price effective from Koha item type
    Library of Congress Classification     مكتبة جامعة عجلون الوطنية مكتبة جامعة عجلون الوطنية المجموعات العامة 06/06/2023   HF5681 1995 E1774 06/06/2023 06/06/2023 Books